| 000 | 01524cam a22003615i 4500 | ||
|---|---|---|---|
| 999 |
_c7986 _d7986 |
||
| 003 | EG-ScBUE | ||
| 005 | 20200908145615.0 | ||
| 008 | 090526t20072007njua f b 001 0 eng d | ||
| 020 | _a0471268925 (cloth) | ||
| 020 | _a9780471268925 (cloth) | ||
| 035 | _a(OCoLC)ocm62393141 | ||
| 035 | _a(OCoLC)62393141 | ||
| 040 |
_aEG-ScBUE _beng _erda _cEG-ScBUE _dEG-ScBUE |
||
| 082 | 0 | 4 |
_a720.9 _bCHI _222 |
| 100 | 1 |
_aChing, Francis D. K., _d1943- _eauthor. |
|
| 245 | 1 | 2 |
_aA global history of architecture / _cFrancis D. K. Ching, Mark M. Jarzombek, Vikramaditya Prakash. |
| 264 | 1 |
_aHoboken, New Jersey : _bJohn Wiley & Sons, _c[2007] |
|
| 264 | 4 | _cc2007 | |
| 300 |
_axvi, 800 pages : _billustrations (some color), maps, plans ; _c29 cm |
||
| 336 |
_atext _btxt _2rdacontent |
||
| 337 |
_aunmediated _bn _2rdamedia |
||
| 338 |
_avolume _bnc _2rdacarrier |
||
| 500 | _aIncludes glossary. | ||
| 504 | _aIncludes bibliographical references and index. | ||
| 505 | 0 | _a3500 BCE -- 2500 BCE -- 1500 BCE -- 800 BCE -- 400 BCE -- 0 -- 200 CE -- 400 CE -- 600 CE -- 800 CE -- 1000 CE -- 1200 CE -- 1400 CE -- 1600 CE -- 1700 CE -- 1800 CE -- 1900 CE -- 1950 CE -- Globalization takes command. | |
| 650 | 7 |
_aArchitecture _xHistory. _2BUEsh _95299 |
|
| 651 | _2BUEsh | ||
| 653 |
_bENGARC _cSeptember2020 |
||
| 655 |
_aIntroduction to Architectural Design History & Theory- Year 1 _xEngineering _ySemester 2. 2008/2009 |
||
| 700 | 1 |
_aJarzombek, Mark, _eauthor. _95300 |
|
| 700 | 1 |
_aPrakash, Vikramaditya, _eauthor. _95301 |
|
| 942 |
_cBB _2ddc |
||